| 000 | 01191cpcaa2200313 4500 | ||
|---|---|---|---|
| 001 | mm 79005114 | ||
| 003 | DLC | ||
| 005 | 20260227111649.0 | ||
| 008 | 790403|||||||||||| eng | ||
| 010 | _amm 79005114 | ||
| 040 |
_aDLC _cDLC _edacs _dDLC |
||
| 072 | 7 |
_aN _2lcmd |
|
| 100 | 1 |
_aCass, Lewis, _d1782-1866. |
|
| 245 | 0 | 0 |
_aLewis Cass papers, _f1818-1859. |
| 300 |
_a28 _fitems. |
||
| 506 | 0 | _aOpen to research. | |
| 533 |
_aIn part, negative photocopies and typewritten transcripts. _b[S.l.]. |
||
| 545 | 0 | _aU.S. secretary of state and secretary of war, governor of Michigan (Territory), army officer, diplomat, and author. | |
| 546 | _aCollection material in English. | ||
| 580 | _aForms part of: Miscellaneous Manuscripts collection. | ||
| 656 | 7 |
_aArmy officers. _2itoamc |
|
| 656 | 7 |
_aAuthors. _2itoamc |
|
| 656 | 7 |
_aCabinet officers. _2itoamc |
|
| 656 | 7 |
_aDiplomats. _2itoamc |
|
| 656 | 7 |
_aGovernors _zMichigan. _2itoamc |
|
| 656 | 7 |
_aSenators, U. S. Congress _zMichigan. _2itoamc |
|
| 999 |
_c41787 _d41787 |
||